000 00665cam a2200229 4500
001 4095719
005 20180215050659.0
008 740321s1975 vaua b 111 0 eng
010 _a 74005333
020 _a0813905559
040 _aDLC
_cDLC
_dDLC
041 _aeng
043 _an-us---
080 _a330.122
082 0 0 _a330.122 SEL
100 _a52
101 _aEKO
245 0 0 _aCapitalism and freedom: problems and prospects;
_cEdited by Richard T. Selden.
504 _aIncludes bibliographical references.
906 _a7
_bcbc
_corignew
_d1
_eocip
_f19
_gy-gencatlg
942 _2ddc
_cBK
999 _c42629
_d42629